000 00311nam a22001217a 4500
082 _a629.25 JUD'A
100 _aJUDGE, ARTHUR W
_941819
245 _aAUTOMOBILE ENGINES IN THEORY CONSTRUCTION OPERATION AND TESTING
250 _a6TH
260 _aLONDON
_bCHAPMAN & HALL
_c1961
300 _a4740P
942 _cBK
999 _c568909
_d568909